000 00640nam a2200205Ia 4500
003 GCL
008 140319s9999 xx 000 0 ara d
040 _aGCL /
_cGCL
082 0 4 _aق
_b932
_bا ك
100 1 _aزهير الشايب (مترجم)
245 1 0 _aكيف خرج اليهود من مصر القديمة (موسوعةوصف مصر) /
_cزهير الشايب (مترجم)
700 1 _aايميه، دى بوا
260 _a[S.N] :
_bفؤاد هاشم الكتبى ،
_c1991
300 _a108 ص
490 _a
650 0 4 _aتاريخ
650 0 4 _aمصر القديمة
650 0 4 _aيهود مصر
942 _2ddc
_cBK
999 _c52360
_d52360